| 000 | 00501nam a2200193Ia 4500 | ||
|---|---|---|---|
| 005 | 20250923144922.0 | ||
| 008 | 008 250917s9999 xx 000 0 eng d | ||
| 037 | _aTextual | ||
| 040 |
_aDSWL _beng _cDSWL |
||
| 041 |
_aeng _2eng |
||
| 084 | _qDSWL | ||
| 100 |
_aPrabhu, P.H. _9829797 |
||
| 245 | 0 |
_aHindu social Organisation _cby P.H. Prabhu |
|
| 260 |
_aBombay _bPopular Prakaan |
||
| 365 |
_aINR _b20 |
||
| 925 | _g20 | ||
| 942 | _cTEXL | ||
| 999 |
_c1444961 _d1444961 |
||